Đại số đại cương
Trình bày những nội dung cơ bản của đại số đại cương và một số bài tập về cơ sở; nhóm; vành và trường; vành chính, vành Gaoxơ, vành Ơclit
Na minha lista:
| Autor principal: | |
|---|---|
| Formato: | Livro |
| Idioma: | Undetermined |
| Publicado em: |
Hà Nội
Đại học Sư phạm
2014
|
| Assuntos: | |
| Tags: |
Adicionar Tag
Sem tags, seja o primeiro a adicionar uma tag!
|
| Thư viện lưu trữ: | Trung tâm Học liệu Trường Đại học Cần Thơ |
|---|
| LEADER | 00905nam a2200229Ia 4500 | ||
|---|---|---|---|
| 001 | CTU_199930 | ||
| 008 | 210402s9999 xx 000 0 und d | ||
| 020 | |c 44000 | ||
| 082 | |a 512.02 | ||
| 082 | |b H305 | ||
| 100 | |a Bùi, Huy Hiền | ||
| 245 | 0 | |a Đại số đại cương | |
| 245 | 0 | |c Bùi Huy Hiền, Nguyễn Tiến Quang | |
| 260 | |a Hà Nội | ||
| 260 | |b Đại học Sư phạm | ||
| 260 | |c 2014 | ||
| 520 | |a Trình bày những nội dung cơ bản của đại số đại cương và một số bài tập về cơ sở; nhóm; vành và trường; vành chính, vành Gaoxơ, vành Ơclit | ||
| 526 | |a Lý thuyết vành và trường | ||
| 526 | |b SP085 | ||
| 650 | |a Algebra, abstract,Combinations,Algebraic fields,Đại số | ||
| 904 | |i Bằng | ||
| 980 | |a Trung tâm Học liệu Trường Đại học Cần Thơ | ||